Olympique de Marseille- Tous les joueurs de 2010 à 2025 - Statistiques

Statistiques générales
  • Ce quiz a été pris 4 813 fois
    2 693 depuis la dernière actualisation
  • Le résultat moyen est 77 sur 194
Statistiques - réponses
Saisons Nationalités Joueur Nombre
De Matchs
Poste % Correct
2007 - 20162017 - 2022 France SteveMandanda 613 G
94%
2013 - 20152016 - 2023 France DimitriPayet 326 M/A
93%
2013 - 2021 France FlorianThauvin 281 A
90%
2020 - Argentine LeonardoBalerdi 164 D
85%
2016 - 2021 Japon HirokiSakai 185 D
84%
2023 - 20242025 - Gabon Pierre - EmerickAubameyang 51 A
81%
2024 - Angleterre MasonGreenwood 36 A
80%
2021 - 2024 Espagne PauLopez 127 G
79%
2024 - Argentine GeronimoRulli 34 G
77%
2019 - 2025 France ValentinRongier 196 M
76%
2014 - 2020 France MaximeLopez 150 M
75%
2007 - 20082010 - 2015 Ghana AndreAyew 209 A
74%
2009 - 2014 Ghana JordanAyew 147 A
74%
2021 - 2025 Maroc AmineHarit 107 M
73%
2024 - 2025 France AdrienRabiot 31 M
72%
2010 - 2015 France André - PierreGignac 188 A
72%
2017 - 2019 Grèce KonstantinosMitroglou 50 A
72%
2017 - 2021 France ValèreGermain 159 A
71%
2015 - 2020 Sénégal BounaSarr 181 D
69%
2022 - 2023 Chili AlexisSanchez 44 A
68%
2022 - 2025 RépubliqueDémocratique Du Congo ChancelMbemba 85 D
68%
2023 - 2024 Sénégal IsmailaSarr 35 A
68%
2018 - 2022 Croatie DujeCaleta - Car 130 D
67%
2020 - 20222023 - 2025 Brésil LuisHenrique 108 A
65%
2015 - 2021 France YohannPelé 89 G
65%
2023 - Panama AmirMurillo 57 D
64%
2023 - RépubliqueCentrafricaine GeoffreyKondogbia 67 M
64%
2006 - 2014 France MathieuValbuena 330 M
64%
2024 - Algérie AmineGouiri 14 A
63%
2021 - 2023 Turquie CengizUnder 93 A
62%
2024 - Danemark Pierre - EmileHojbjerg 32 M
62%
2015 - 2019 Portugal Rolando 123 D
61%
2017 - 2019 Brésil LuizGustavo 98 M
60%
2017 - 2019 France AdilRami 75 D
59%
2016 - 2022 France BoubacarKamara 170 M
59%
2020 - 20222024 - Espagne PolLirola 92 D/M
59%
2020 - 2022 Pologne ArkadiuszMilik 53 A
58%
2014 - 20162017 - 2019 Argentine LucasOcampos 132 A
58%
2023 - Suisse UlissesGarcia 36 D
57%
2022 - 2024 Maroc AzzedineOunahi 44 M
56%
2005 - 2011 Sénégal MamadouNiang 227 A
56%
2021 - 2023 France MattheoGuendouzi 99 M
56%
2011 - 2016 Cameroun NicolasN'koulou 207 D
56%
2019 - 2021 Argentine DarioBenedetto 71 A
55%
2024 - 2025 Angleterre JonathanRowe 30 A
55%
2018 - 2021 Pays - Bas KevinStrootman 78 M
54%
2016 - 2021 France MorganSanson 157 M
54%
2015 - 2018 Cameroun André FrankZambo Anguissa 106 M
53%
2022 - 2024 France JordanVeretout 94 M
53%
2023 - 2025 France QuentinMerlin 46 D
53%
2022 - 2024 Portugal Vitinha 43 A
53%
2007 - 2014 France BenoitCheyrou 306 M
52%
2024 - Pays - Bas JeffreyDe Lange 2 G
52%
2008 - 2012 Argentine LuchoGonzalez 124 M
52%
2020 - 2021 Japon YutoNagatomo 29 D
52%
2023 - Maroc BilalNadir 25 M
51%
2023 - 2024 Sénégal IlimanNdiaye 46 M/A
51%
2015 - 2017 France LassanaDiarra 45 M
51%
2004 - 20052007 - 2008 2010 - 2011
2012 - 2013
Sénégal LeytiN'diaye 14 D
51%
2014 - 2016 Belgique MichyBatshuayi 78 A
51%
2020 - 2024 Sénégal PapeGueye 115 M
51%
2004 - 2011 Nigéria Taye Taiwo 271 D
51%
2011 - 2012 France AlouDiarra 50 M
50%
2016 - 2019 Cameroun ClintonN'Jie 83 A
50%
2021 - 2023 Bosnie SeadKolasinac 58 D
50%
2021 - 2022 France WilliamSaliba 52 D
50%
2024 - 2025 Canada DerekCornelius 23 D
49%
2024 - 2025 Canada IsmaelKoné 9 M
49%
2011 - 2015 Madagascar JérémyMorel 153 D
49%
2010 - 20152016 - 2018 France RodFanni 198 D
49%
2007 - 2013 BurkinaFaso CharlesKabore 193 M
48%
2022 - 2023 BurkinaFaso IssaKaboré 29 D
48%
2009 - 2014 Sénégal SouleymaneDiawara 164 D
48%
2019 - 2022 Espagne AlvaroGonzalez 75 D
47%
2021 - 2023 Brésil Gerson 61 M
47%
2024 - France RobinioVaz 3 A
46%
2016 - 2017 France BafetimbiGomis 34 A
45%
2014 - 20152016 - 2018 Brésil MatheusDoria 33 D
45%
2018 - 2021 Serbie NemanjaRadonjic 63 A
45%
2022 - Espagne RubénBlanco 12 G
45%
2022 - 2024 France JoanthanClauss 85 D
44%
2017 - 2022 France JordanAmavi 127 D
44%
2018 - 2019 Italie MarioBalotelli 15 A
43%
2015 - 2016 Ecosse StevenFletcher 18 A
43%
2008 - 2012 Brésil Brandao 116 A
42%
2010 - 2012 Espagne CésarAzpilicueta 68 D
42%
2024 - 2025 Algérie IsmaelBennacer 12 M
42%
2021 - 2022 États - Unis KonradDe La Fuente 23 A
42%
2014 - 2017 France RomainAlessandrini 65 A
42%
2016 - 20172018 - 2019 Slovaquie ThomasHubocan 20 D
42%
2013 - 2016 Cote d'Ivoire BriceDja Dje Dje 70 D
41%
2024 - France DarrylBakola 2 M
41%
2024 - France NaelMaupay 26 A
41%
2022 - 2023 Portugal NunoTavares 39 D
41%
2015 - 2017 France RémyCabella 81 M
41%
2015 - 2016 Cameroun Georges - KévinNkoudou 41 A
40%
2020 - 2022 Sénégal BambaDieng 54 A
39%
2013 - 2016 France BenjaminMendy 101 D
39%
2009 - 2011 Argentine GabrielHeinze 77 D
39%
2012 - 2013 Angleterre JoeyBarton 33 M
39%
2015 - 2017 Pays - Bas KarimRekik 48 D
39%
2022 - 2023 Colombie LuizSuarez 11 A
39%
2013 - 2015 Gabon MarioLemina 50 M
39%
2012 - 2014 Comores KassimAbdallah 37 D
38%
2023 - France KeylianeAbdallah 2 A
38%
2016 - 2017 France PatriceEvra 21 D
38%
2017 - 2019 Tunisie AymenAbdennour 14 D
37%
2014 - 2016 Maroc AbdelazizBarrada 45 M
36%
2015 - 2016 Chili MauricioIsla 38 D
36%
2012 - 2015 France BriceSamba 4 G
35%
2010 - 2013 France LoicRemy 111 A
35%
2021 - 2022 Brésil LuanPeres 50 D
35%
2022 - 2023 Ukraine RuslanMalinovskyi 23 M
35%
2012 - 2016 Togo AlaixysRomao 127 M
34%
2024 - 2025 Bosnie AmarDedic 10 D
34%
2015 - 2016 Brésil LucasSilva 33 M
34%
2022 - 2024 France SamuelGigot 66 D
34%
2010 - 2012 Cameroun StéphaneM'Bia 102 M
34%
2024 - 2025 France ElyeWahi 14 A
33%
2016 - 2018 Cameroun HenriBedimo 23 D
33%
2016 - 20172019 - 2021 Tunisie Saif-EddineKhaoui 40 M
33%
2021 - 2022 RépubliqueDémocratique Du Congo CédricBakambu 24 A
32%
2023 - 2025 Cameroun FarisMoumbagna 21 A
32%
2008 - 2011 France HatemBen Arfa 91 M
32%
2023 - 2025 CoteD'Ivoire BamoMéité 28 D
31%
2009 - 2011 France EdouardCisse 77 M
31%
2016 - 2019 France GrégorySertic 25 M
31%
2013 - 2015 RépubliqueDémocratique Du Congo GianelliImbula 76 M
30%
2011 - 2013 France MorganAmalfitano 87 M
29%
2022 - 2023 CoteD'ivoire EricBailly 23 D
28%
2015 - 2016 Italie PaoloDe Ceglie 12 D
28%
2023 - 2024 Brésil RenanLodi 23 D
28%
2013 - 2014 Tunisie SaberKhalifa 35 A
28%
2011 - 2012 Mali DjimiTraore 20 D
27%
2015 - 2016 Espagne JavierManquillo 43 D
27%
2023 - 2024 Argentine JoaquinCorrea 19 A
27%
2020 - 2021 France MichaelCuisance 30 M
27%
2015 - 2017 France AbouDiaby 6 M
26%
2023 - 2025 France GaelLafont 1 M
26%
2024 - 2025 France LilianBrassier 12 D
26%
2016 - 2017 France WilliamVainqueur 33 M
26%
2012 - 2014 Brésil LucasMendes 62 D
25%
2024 - 2025 Italie LuizFelipe 4 D
24%
2016 - 2017 Belgique AaronLeya Iseka 9 A
23%
2012 - 2015 France BaptisteAloé 15 D
23%
2024 - 2025 France EnzoSternal 2 M
23%
2022 - 2024 Cameroun François RégisMughe 9 A
23%
2022 - 2023 France IsaakTouré 5 D
23%
2024 - 2025 Argentine ValentinCarboni 4 M
23%
2023 - 2024 Cameroun JeanOnana 14 M
21%
2019 - 2021 France MarleyAké 26 A
20%
2020 - 2021 Cameroun OlivierNtcham 6 M
20%
2013 - 2015 NouvelleZélande BillTuiloma 2 D
19%
2023 - 2025 Angleterre EmranSoglo 9 D/M
19%
2014 - 2016 France StephaneSparagna 19 D
19%
2008 - 2011 Brésil VitorinoHilton 81 D
19%
2012 - 2013 Algérie FouedKadir 16 M
18%
2018 - 2021 France LucasPerrin 13 D
18%
2009 - 2012 Portugal Andrade 9 G
17%
2009 - 2011 France FabriceAbriel 76 M
17%
2016 - 2017 Arménie GaelAndonian 1 D
17%
2021 - 2023 France SalimBen Seghir 3 A
17%
2011 - 20132014 - 2016 Algérie BillelOmrani 10 A
15%
2012 - 2013 Sénégal ModouSougou 16 A
15%
2011 - 2013 Comores RafidineAbdullah 23 M
15%
2017 - 2018 Turquie YusufSari 4 A
15%
2016 - 2017 France ZinedineMachach 12 M
15%
2022 - 2023 Turquie BartugElmaz 1 M
14%
2016 - 2019 France FlorianEscales 1 G
14%
2019 - 2020 France IsaacLihadji 2 A
14%
2023 - Comores RaimaneDaou 2 M
14%
2011 - 2014 France GennaroBracigliano 6 G
12%
2015 - 2017 France AntoineRabillard 7 A
11%
2012 - 2013 France FlorianRaspentino 15 A
11%
2014 - 2017 France JérémiePorsan - Clémente 2 A
11%
2015 - 2016 France BilalBoutobba 3 A
9%
2018 - 20192020 - 2021 France ChristopherRocchia 5 D
9%
2018 - 2021 France FlorianChabrolle 3 M
9%
2013 - 2014 France LaurentAbergel 2 M
8%
2021 - 2022 Maroc OussamaTarghalline 3 M
8%
2012 - 2013 France FabriceApruzesse 1 A
7%
2007 - 20082010 - 2012 France Jean - PhilippeSabo 11 D
7%
2015 - 2016 France AlphousseyniSane 1 D
6%
2012 - 2013 Ghana KevinOsei 1 A
6%
2008 - 20092010 - 2011 Mali MamadouSamassa 33 A
6%
2007 - 20082009 - 2010 2012 - 2013 Sénégal PapeM'bow 12 D
6%
2011 - 2013 Martinique WesleyJobello 3 A
6%
2020 - 2022 France CheickSouare 1 M
5%
2011 - 2012 France ChrisGadi 5 A
5%
2011 - 2013 Tunisie LarryAzouni 1 M
5%
2011 - 2012 France MomarBangoura 2 M
5%
2010 - 2013 Togo SenahMango 1 D
4%
2007 - 2011 France GuyGnabouyou 5 A
3%
2012 - 2013 France JonathanSantiago 1 M
2%
Aucun quiz correspondant
Distribution des résultats
% des personnes avec chaque résultat
Percentile par nombre de réponses
Votre historique - résultats
Vous n’avez pas pris ce quiz depuis la dernière actualisation